000 00849nam a2200241Ia 4500
003 GCL
008 140319s9999 xx 000 0 ara d
020 _a2491501977
040 _aGCL /
_cGCL
082 0 4 _a808.82
_bس م
100 1 _aمحمد عبدالمنعم جلال (مترجم)
245 1 0 _aمختارات من المسرح العالمى /
_cمحمد عبدالمنعم جلال (مترجم)
700 1 _aسارتر ، جان بول
250 _aالاولى
260 _aالقاهرة :
_bالهيئة المصرية العامة للكتاب ،
_c1996
300 _a279 ص ؛
_c20 سم
490 _aالالف كتاب الثانى
_v234
650 0 4 _aالادب
650 0 4 _aالمسرحيات
650 0 4 _aالمسرحيات الانجليزية
650 0 4 _aالمسرحيات الفرنسية
942 _2ddc
_cBK
999 _c48946
_d48946